Αφιέρωμα στον Πέτρο Χάρη

Αποθηκεύτηκε σε:
Λεπτομέρειες βιβλιογραφικής εγγραφής
Συγγραφή απο Οργανισμό/Αρχή: Νέα Εστία
Μορφή: Βιβλίο
Γλώσσα:Greek
Δημοσίευση: Αθήνα : Βιβλιοπωλείον της "Εστίας", 1988.
Θέματα:
Ετικέτες: Προσθήκη ετικέτας
Δεν υπάρχουν, Καταχωρήστε ετικέτα πρώτοι!

MARC

LEADER 00000cam a2200000 i 4500
001 1/52581
008 040326s1988 gr | ||| |||| ||gre||
035 |l 10072944 
040 |a GR-MyUA  |b gre  |e AACR2 
041 0 |a gre 
082 0 |a 889.3092 
110 2 |a Νέα Εστία. 
245 1 0 |a Αφιέρωμα στον Πέτρο Χάρη /   |c Νέα Εστία.  
260 |a Αθήνα :   |b Βιβλιοπωλείον της "Εστίας",   |c 1988.  
300 |a ή, [1267]-1606 σ. ;   |c 25 εκ. 
300 |c 25 εκ. 
500 |a Ειδικό αφιέρωμα για τον Πέτρο Χάρη του περιοδικού Νέα Εστία, στο τεύχος 1470-1471 τόμος εκατοστός εικοστός τέταρτος, Οκτώβριος 1988.  
504 |a Περιέχει ένθετο με ευρετήριο των περιεχομένων των τευχών 1464-1475.  
600 1 0 |a Χάρης, Πέτρος,   |d 1902-1998. 
650 0 0 |a Litterateurs  |z Greece  |x History and criticism. 
650 0 0 |a Greek literature  |x History and criticism. 
852 |a INST  |b SAMOS  |e 20040326  |h 889.3092 ΑΦΙ  |p 005300023389  |q 005300023389  |t BK  |y 0 
901 |a BIBL3-2004-1 
909 |a Σ  |b 107289 
970 |a ΜΑΛΑΓΑΡΗ  |b ΦΩΤΕΙΝΗ  |z 2004/03/26